| 000 | 00881nam a2200277Ia 4500 | ||
|---|---|---|---|
| 001 | 22063 | ||
| 005 | 20260320113339.0 | ||
| 008 | 260320s9999||||xx |||||||||||||| ||und|| | ||
| 022 | _a18109837 | ||
| 041 | _aESP | ||
| 082 |
_aHR 658 ENE-DIC 2025 _bAE |
||
| 100 |
_a _e |
||
| 110 | _aInstituto Pacífico | ||
| 245 | 0 |
_aActualidad empresarial : _brevista de investigación y negocios |
|
| 246 |
_a _5 _b |
||
| 260 |
_aLima : _bInstituto Pacífico, _c2025 |
||
| 300 |
_avarias paginaciones : _btablas, cuadros ; _c29 cm. _e |
||
| 440 |
_a _n _v |
||
| 505 | _aContiene: Nros. 548-559 (Enero-Diciembre 2025) | ||
| 650 | _aTCA | ||
| 653 | _aAdministración de empresas - Revistas | ||
| 654 | _aCAN | ||
| 700 |
_a _c |
||
| 856 |
_uhttps://0u20uoxjk-y-https-actualidadempresarial-pe.itmsp.museknowledge.com/revistas?campana=2025 _zVersión digital |
||
| 942 |
_cREV _dJUS _fMAT _2ddc _n |
||
| 999 |
_c22063 _d22063 |
||